000 00371pam a2200157a 44500
008 230515b1993 xxu||||| |||| 00| 0 eng d
020 _aNULL
041 _aENGL
082 _a620.1/ CAS
100 _aCASCIATI F.
245 _aDYNAMIC MOTION : CHAOTIC AND STOCHASTIC BEHAVIOR
250 _aN.D.
260 _aNULL
_bSPRIN
_c1993
300 _a325 PB
650 _aNULL
999 _c634442
_d634442